| 000 | 00487nam a22001697a 4500 | ||
|---|---|---|---|
| 003 | OSt | ||
| 005 | 20211008144439.0 | ||
| 008 | 211008b |||||||| |||| 00| 0 eng d | ||
| 020 | _a81-204-1613-9 | ||
| 040 | _cHawassa University | ||
| 050 |
_a631/CHA _b2 |
||
| 082 |
_a631/CHA _b2 |
||
| 100 |
_aChawla,S.H. _911695 |
||
| 245 | _aPlant Biotechnology :Laboratory Manual for Plant Biotechnology | ||
| 260 |
_aNew Delhi _bOxford and IBH Publishing Co.Pvt.Ltd. _c2003 |
||
| 942 |
_2ddc _cBOOKS _n0 |
||
| 999 |
_c10851 _d10851 |
||